| 000 | 00740nam a2200241 a 4500 | ||
|---|---|---|---|
| 005 | 20251203064012.0 | ||
| 008 | 190213s2007 mx r 000 0 spa d | ||
| 020 | _a9789681684556 | ||
| 035 | _aUPN01000229069 | ||
| 049 | _aCG | ||
| 050 | 4 |
_aLB1573 _bCH3.3 |
|
| 100 | 1 |
_aChambers, Aidan, _d1934- _931288 |
|
| 245 | 1 | 3 |
_aEl ambiente de la lectura / _cAidan Chambers ; tr. Ana Tamarit Amieva. |
| 260 |
_aMéxico : _bFCE, _cc2007. |
||
| 300 | _a131 p. | ||
| 440 | 0 | _aEspacios para la lectura | |
| 534 |
_pTítulo original: _tThe reading environment |
||
| 650 | 4 |
_aIntereses en la lectura _94851 |
|
| 650 | 4 |
_aLectura _xEstudio y enseñanza (Elemental) _92805 |
|
| 650 | 2 |
_aAmbiente del aula _92793 |
|
| 905 | _aLibro | ||
| 999 |
_c201164 _d201164 |
||